[Event "WY Boys-U14"]
[Site "Porto Carras GRE"]
[Date "2010.10.24"]
[Round "5.9"]
[White "Izzat,Kanan Azar oglu"]
[Black "Alekseenko,K"]
[Result "1-0"]
[WhiteElo "2139"]
[BlackElo "2284"]

1.c4 Nf6 2.d4 e6 3.g3 Bb4+ 4.Bd2 Qe7 5.Bg2 O-O 6.Nf3 Bxd2+ 7.Nbxd2 d6 8.O-O e5
9.e4 Bg4 10.d5 a5 11.h3 Bxf3 12.Qxf3 Nbd7 13.b3 g6 14.a3 Nh5 15.b4 b6 16.Qe3 f5
17.exf5 gxf5 18.Qh6 Ng7 19.Rfe1 Rf6 20.Qe3 Qf8 21.Qc3 h5 22.c5 axb4 23.axb4 bxc5
24.Nb3 Rxa1 25.Rxa1 f4 26.bxc5 f3 27.Bf1 e4 28.Qd4 h4 29.g4 Rf4 30.cxd6 cxd6
31.Qe3 Qf6 32.Ra7 Ne5 33.Nd4 Nxg4 34.Qxf4 Qxf4 35.Rxg7+ Kxg7 36.Ne6+ Kf6
37.Nxf4 Nh6 38.Ba6 Kf5 39.Ne6 Ke5 40.Bb7 Nf5 41.Kf1 Ne7 42.Ke1 Nf5 43.Nf8 e3
44.fxe3 Ke4 45.Kf2 Nxe3 46.Ng6 Nd1+ 47.Ke1 Nb2 48.Nxh4 Nd3+ 49.Kf1 Nf4 50.Bc8 Kxd5
51.Nxf3 Ke4 52.Kf2 d5 53.Ng5+ Ke5 54.Kf3 Nh5 55.h4 Kf6 56.Bg4 Ng7 57.Kf4 Kg6
58.Be6 d4 59.Bf7+ Kh6 60.Nf3 d3 61.Ke3 Nf5+ 62.Kxd3 Kg7 63.Be6 Ne7 64.Ke4 Kf6
65.Bg4 Ng6 66.h5 Ne7 67.Bd7 Ng8 68.Kf4 Ne7 69.Kg4 Nd5 70.Bc6 Nc7 71.Ng5 Ne6
72.Ne4+ Kg7 73.Bd7 Nd8 74.Ba4 Nf7 75.Bb3 Ne5+ 76.Kf4 Nc6 77.Kg5 Ne5 78.h6+ Kh7
79.Be6 Kh8 80.Nd6 Nf3+ 81.Kh5 Ne5 82.Bf5 Kg8 83.Kg5 Nc6 84.h7+ Kh8 85.Nf7+  1-0

[Event "Uxbridge Premier"]
[Site "Denham ENG"]
[Date "2010.10.25"]
[Round "3"]
[White "Bennett,Dominic"]
[Black "Foo,William"]
[Result "0-1"]
[WhiteElo "1991"]
[BlackElo "1895"]

1.d4 Nf6 2.c4 e6 3.g3 Bb4+ 4.Bd2 Bxd2+ 5.Nxd2 d6 6.Ngf3 Qe7 7.Bg2 O-O 8.O-O e5
9.e3 a6 10.Rc1 Nc6 11.d5 Nb8 12.c5 dxc5 13.Qc2 Nbd7 14.Ng5 Rb8 15.b4 cxb4
16.Qxc7 Ne8 17.Qxb8 Nxb8 18.Rxc8 Qxg5 19.Rxb8 Nd6 20.Rxf8+ Kxf8 21.Rc1 Qd8
22.f4 Qb6 23.Kf2 exf4 24.gxf4 Nf5 25.Rc8+ Ke7 26.Nc4 Qf6 27.Be4 Nd6 28.Rc7+ Kd8
29.Nxd6 Qh4+ 30.Kg2 Kxc7 31.Nxf7 Qg4+ 32.Kf2 Qh3 33.d6+ Kd7 34.Bd5 Qxh2+
35.Kf1 Qh3+ 36.Kf2 Qh4+ 37.Kg2 Qg4+ 38.Kf2 Qf5 39.Bb3 b5 40.Kf3 h5 41.Ke2 a5
42.Kd2 a4 43.Ne5+ Kxd6 44.Bc2 Qh3 45.Nf7+ Ke7 46.Ng5 Qg2+ 47.Kd3 Qd5+  0-1

[Event "11th Liberec Open"]
[Site "Liberec CZE"]
[Date "2010.10.25"]
[Round "3"]
[White "Bartos,J"]
[Black "Kulhanek,T"]
[Result "1/2-1/2"]
[WhiteElo "2183"]
[BlackElo "2391"]

1.d4 Nf6 2.c4 e6 3.g3 Bb4+ 4.Bd2 c5 5.Bxb4 cxb4 6.Bg2 O-O 7.Nf3 d6 8.O-O Qe7
9.a3 bxa3 10.Rxa3 e5 11.h3 Nc6 12.Re3 Qc7 13.Nc3 Rd8 14.Nb5 Qb6 15.dxe5 dxe5
16.Qc1 a6 17.Na3 Qc5 18.Qc3 e4 19.Nd2 Bf5 20.g4 Bg6 21.Nxe4 Nxe4 22.Bxe4 Nd4
23.Bxg6 hxg6 24.Nc2 Ne6 25.Re5 Qc6 26.Nb4 Qd6  1/2-1/2

[Event "WY Boys-U14"]
[Site "Porto Carras GRE"]
[Date "2010.10.27"]
[Round "8.12"]
[White "Chu Wei Chao"]
[Black "Amstadt,A"]
[Result "1-0"]
[WhiteElo "2075"]
[BlackElo "2262"]

1.d4 Nf6 2.c4 e6 3.g3 Bb4+ 4.Bd2 Qe7 5.Bg2 Nc6 6.Nf3 Bxd2+ 7.Nbxd2 d6 8.O-O a5
9.Nb1 Ne4 10.a3 O-O 11.Qc2 d5 12.Nc3 Nxc3 13.bxc3 dxc4 14.Nd2 Bd7 15.Nxc4 f6
16.Rfd1 b5 17.Ne3 Rab8 18.Nf1 e5 19.e3 f5 20.Nd2 f4 21.exf4 exf4 22.Qe4 Rbe8
23.Qxe7 Nxe7 24.Nb3 f3 25.Bf1 Nd5 26.Rac1 a4 27.Nc5 Bc6 28.h4 Nb6 29.Re1 Kf7
30.g4 Nd7 31.Nd3 Bd5 32.Kh2 c6 33.Kg3 Re6 34.Nf4 Rxe1 35.Rxe1 Nf6 36.Bd3 Re8
37.Rxe8 Kxe8 38.g5 Ne4+ 39.Bxe4 Bxe4 40.Nh5 Kf7 41.Kf4 Bc2 42.Ke5 h6 43.gxh6 gxh6
44.Kd6 Be4 45.Ng3 Bd5 46.Nf5 Kf6 47.Ne7 Be4 48.Nxc6 Kf5 49.Ne5 h5 50.Kc5 Bc2
51.Kxb5 Ke4 52.Kc5 Bd1 53.Nc4  1-0

[Event "Chigorin Mem Classic Open"]
[Site "St Petersburg RUS"]
[Date "2010.10.28"]
[Round "1"]
[White "Matlakov,M"]
[Black "Pavlov,Aleks"]
[Result "0-1"]
[WhiteElo "2613"]
[BlackElo "2269"]

1.d4 Nf6 2.c4 e6 3.g3 Bb4+ 4.Nc3 c5 5.Nf3 O-O 6.Bg2 d5 7.cxd5 Nxd5 8.Qb3 Nc6
9.dxc5 Nxc3 10.bxc3 Bxc5 11.O-O Qe7 12.Ng5 e5 13.Ne4 Be6 14.Qb5 Bb6 15.a4 Qc7
16.Ba3 Rfd8 17.Ng5 Bf5 18.Bd5 Rd7 19.e4 Bg6 20.Nf3 Re8 21.Nh4 Bh5 22.Nf5 Red8
23.h3 Bf3 24.Qd3 Bxe4 25.Bxf7+ Rxf7 26.Qxe4 Qd7 27.Nd6 Rf6 28.a5 Nxa5 29.Rad1 Qe6
30.Rd5 Nc6 31.Kh2 h6 32.c4 Bd4 33.Nxb7 Qf7 34.f4 Qxb7 35.Rb1 Qc8 36.Rxd8+ Qxd8
37.Qd5+ Kh7 38.Qe4+ Kh8 39.fxe5 Bxe5  0-1

[Event "14th OIBM"]
[Site "Bad Wiessee GER"]
[Date "2010.10.31"]
[Round "2.9"]
[White "Schrems,H"]
[Black "Graf,A"]
[Result "0-1"]
[WhiteElo "2162"]
[BlackElo "2606"]

1.d4 Nf6 2.c4 e6 3.g3 Bb4+ 4.Bd2 Be7 5.Bg2 d5 6.Nf3 O-O 7.Qc2 c6 8.O-O b6
9.Re1 Bb7 10.b4 Nbd7 11.a3 dxc4 12.Qxc4 c5 13.Ne5 Bxg2 14.Kxg2 Rc8 15.Nxd7 Qxd7
16.dxc5 bxc5 17.b5 Rfd8 18.e4 Qb7 19.Bc3 Ne8 20.a4 Nd6 21.Qe2 Nf5 22.f3 Nd4
23.Qa2 Bf6 24.Qb2 c4 25.Ra2 h5 26.Qf2 e5 27.Nd2 h4 28.Nf1 Bg5 29.f4 Be7 30.fxe5 Ne6
31.Rc2 Rd3 32.Qf5 Bc5 33.gxh4 Bd4 34.Bd2 c3 35.Bc1 Rc5 36.Ng3 Bxe5 37.Qf1 Rd4
38.Be3 Rxe4 39.Qf3 Bxg3 40.hxg3 Rf5  0-1

[Event "14th OIBM"]
[Site "Bad Wiessee GER"]
[Date "2010.11.04"]
[Round "7.13"]
[White "Solomon,K"]
[Black "Rozentalis,E"]
[Result "1/2-1/2"]
[WhiteElo "2394"]
[BlackElo "2611"]

1.d4 Nf6 2.c4 e6 3.g3 Bb4+ 4.Bd2 c5 5.Bg2 O-O 6.Nf3 Qb6 7.O-O cxd4 8.Nxd4 Bxd2
9.Qxd2 Nc6 10.Rd1 d5 11.cxd5 exd5 12.Nc3 Be6 13.Na4 Qd8 14.Nxc6 bxc6 15.Rac1 Re8
16.Qd4 Bg4 17.f3 Bd7 18.e3 Qe7 19.Rc3 Reb8 20.Rd2 Be8 21.b3 a5 22.Qc5 Qe6
23.Rdc2 h5 24.Bf1 Nd7 25.Qxc6 Qxc6 26.Rxc6 Ne5 27.R6c5 Nxf3+ 28.Kh1 Bxa4
29.bxa4 Rb1 30.Rc1 Rxc1 31.Rxc1 Re8 32.Rc3 g6 33.Kg2 Nd2 34.Bb5 Re5 35.Rd3 Ne4
36.Bc6 Nf6 37.h3 Kg7 38.Rb3 Rf5 39.Rb5 Ne4 40.Rxa5 Rf2+ 41.Kg1 Rf3 42.Rxd5 Rxg3+
43.Kh2 Rxe3 44.Re5 f5 45.a5 Kf6 46.Re8 Re2+ 47.Kg1 Rxa2 48.Bxe4 fxe4 49.Rxe4 Rxa5
50.Kg2 Ra2+ 51.Kg3 Ra3+ 52.Kg2 Kf5 53.Rb4 Re3 54.Ra4 Re4 55.Ra3 g5 56.Kg3 Kg6
57.Ra8 Rd4 58.Kf3 Rd5 59.Rf8 Rd3+ 60.Kg2  1/2-1/2

[Event "14th OIBM"]
[Site "Bad Wiessee GER"]
[Date "2010.11.05"]
[Round "8.46"]
[White "Schrems,H"]
[Black "Cocchi,A"]
[Result "0-1"]
[WhiteElo "2162"]
[BlackElo "2266"]

1.d4 Nf6 2.c4 e6 3.g3 Bb4+ 4.Bd2 Qe7 5.Nf3 O-O 6.Bg2 Nc6 7.O-O Bxd2 8.Nbxd2 d6
9.Qc2 e5 10.d5 Nb8 11.Rac1 e4 12.Nd4 e3 13.Ne4 exf2+ 14.Nxf2 Re8 15.e4 Nbd7
16.Nf5 Qd8 17.Rce1 Ne5 18.Nd3 Bxf5 19.Rxf5 Nxd3 20.Qxd3 Ng4 21.Qc3 b6 22.Bf3 Ne5
23.Bd1 Qd7 24.b4 a5 25.a3 g6 26.Rff1 axb4 27.axb4 Ra2 28.Bb3 Ra3 29.Ra1 Rxa1
30.Rxa1 Qg4 31.Qe3 Nf3+ 32.Kh1 Rxe4 33.Qc3 Ne5 34.Ra7 Re2  0-1

[Event "Russia Cup Final KO"]
[Site "Belgorod RUS"]
[Date "2010.11.08"]
[Round "1.3"]
[White "Yevseev,D"]
[Black "Bocharov,D"]
[Result "1/2-1/2"]
[WhiteElo "2550"]
[BlackElo "2610"]

1.d4 Nf6 2.c4 e6 3.g3 Bb4+ 4.Bd2 c5 5.Nf3 O-O 6.Bg2 Bxd2+ 7.Qxd2 d5 8.cxd5 exd5
9.dxc5 Ne4 10.Qf4 Nc6 11.O-O Re8 12.Nc3 Nxc3 13.bxc3 Rxe2 14.Rfe1 Rxe1+ 15.Rxe1 h6
16.Nd4 Nxd4 17.Qxd4 Be6 18.c4 dxc4 19.Qxd8+ Rxd8 20.Bxb7 Bc8 21.c6 Bxb7 22.cxb7 Rb8
23.Re7 c3 24.Rc7 c2 25.Rc8+ Kh7 26.Rxc2 Rxb7 27.Rc5 Rb6 28.Ra5 a6 29.g4 g5
30.Kg2  1/2-1/2

[Event "III Iberoamerican B"]
[Site "Mexico City MEX"]
[Date "2010.11.15"]
[Round "3"]
[White "Dias,P"]
[Black "Fonseca,JL"]
[Result "1-0"]
[WhiteElo "2415"]
[BlackElo "2174"]

1.d4 Nf6 2.c4 e6 3.g3 Bb4+ 4.Nd2 d5 5.Bg2 O-O 6.Nf3 b6 7.O-O Bb7 8.Qc2 Be7
9.Rd1 Nbd7 10.a3 c5 11.dxc5 bxc5 12.cxd5 exd5 13.e4 d4 14.Re1 Rb8 15.Nc4 Ne8
16.Bf4 Rc8 17.Bh3 Ra8 18.Rad1 f5 19.Qb3 Bxe4 20.Nce5+ Kh8 21.Nxd7 c4 22.Qxc4 Bxf3
23.Nxf8 Bxd1 24.Ne6  1-0

[Event "1st Open"]
[Site "Brno CZE"]
[Date "2010.11.18"]
[Round "7"]
[White "Hantak,A"]
[Black "Krejci,Jan2"]
[Result "0-1"]
[WhiteElo "2200"]
[BlackElo "2439"]

1.d4 Nf6 2.c4 e6 3.g3 Bb4+ 4.Bd2 c5 5.Bxb4 cxb4 6.Bg2 O-O 7.e4 d6 8.Ne2 Nc6
9.a3 Qb6 10.Qd2 e5 11.axb4 Nxb4 12.O-O Bg4 13.Nbc3 Bxe2 14.Nxe2 Nc6 15.Rfd1 Rfe8
16.d5 Nb4 17.Ra4 a5 18.Nc3 Nd7 19.Ra3 Nc5 20.Na4 Nxa4 21.Rxa4 Qc5 22.Bf1 b6
23.g4 f6 24.Ra3 Ra7 25.h4 g6 26.Rg3 Rg7 27.Be2 Rf8 28.Kg2 Kf7 29.Rh1 Ke8
30.h5 g5 31.Ra1 Rc7 32.Rf3 Ke7 33.Rg3 Ra8 34.Rga3 Rca7 35.Ra4 Qc7 36.Qc3 Na6
37.Qf3 Qd7 38.Bd1 Rc8 39.Kh2 Rac7 40.Be2 Nb4 41.Qb3 h6 42.Kg3 Rb7 43.Kh3 Rcc7
44.Kg3 Qc8 45.Kh3 Qg8 46.Kg3 Qh7 47.f3 Qg8 48.Kh3 Qc8 49.Kg3 Qd7 50.Kh3 Rc8
51.Kg3 Qc7 52.Qd1 Qc5 53.Qg1 Nc2 54.Rc1 Nd4 55.Qf2 b5 56.Ra2 b4 57.Bd1 b3
58.Ra4 Rb4 59.Rca1 Rxa4 60.Rxa4 Rb8 61.Qd2 Rb4 62.Rxb4 axb4 63.Qd3 Qa7 64.Bxb3 Qa1
65.Bd1 Qxb2 66.c5 Qa2 67.c6 Kd8 68.Bb3 Qxb3 69.Qa6 Qxf3+ 70.Kh2 Qe2+  0-1

[Event "ch-ISR"]
[Site "Haifa ISR"]
[Date "2010.11.18"]
[Round "9.3"]
[White "Mikhalevski,V"]
[Black "Zilberman,Y"]
[Result "1-0"]
[WhiteElo "2602"]
[BlackElo "2481"]

1.d4 Nf6 2.c4 e6 3.g3 Bb4+ 4.Bd2 a5 5.Bg2 O-O 6.Nf3 b6 7.O-O Bb7 8.Bf4 Be7
9.d5 exd5 10.Nd4 c6 11.Nf5 Bc5 12.cxd5 Nxd5 13.Bd6 Bxd6 14.Nxd6 Qc7 15.Nxb7 Qxb7
16.Bxd5 cxd5 17.Nc3 Re8 18.Qxd5 Qxd5 19.Nxd5 Ra7 20.e3 b5 21.Rfd1 Nc6 22.Rac1 Rb8
23.Rc5 b4 24.e4 Kf8 25.f3 f6 26.Kf2 Rbb7 27.Ne3 Ra6 28.Nf5 Ne7 29.Ne3 Rba7
30.Nc4 Rc6 31.Rxc6 Nxc6 32.Rd5 g6 33.Ke3 Ke7 34.f4 Ra6 35.h4 Ra7 36.Kd3 Ra6
37.g4 h6 38.Ne3 Nd8 39.Rb5 Ne6 40.Nd5+ Kf7 41.Ke3 g5 42.hxg5 hxg5 43.f5 Nd8
44.e5 fxe5 45.Rb8 Rd6 46.Ke4 Nc6 47.Rh8 Kg7 48.Rh5 Kf7 49.Rh7+ Kf8 50.b3 Ke8
51.f6 Kf8 52.Kf5 e4 53.Kxe4 Re6+ 54.Kf5 Re2 55.Kxg5 Rxa2 56.Nf4 Rf2 57.Ng6+ Ke8
58.f7+  1-0

[Event "2nd OCF Thanksgiving Open"]
[Site "Stillwater USA"]
[Date "2010.11.20"]
[Round "2.10"]
[White "Nickels,Erik J"]
[Black "Montero,J"]
[Result "1-0"]
[WhiteElo "1721"]
[BlackElo "1775"]

1.d4 Nf6 2.c4 e6 3.g3 Bb4+ 4.Bd2 c5 5.Bg2 Qa5 6.Nf3 Ne4 7.dxc5 Qxc5 8.e3 Nxd2
9.Nbxd2 Qxc4 10.Rc1 Qxa2 11.Rxc8+ Ke7 12.Rxh8 Qxb2 13.O-O g5 14.Qa1 Qxa1
15.Rxa1 Bc3 16.Rxh7 Bxa1 17.Nxg5 Nc6 18.Rxf7+ Kd6 19.Nde4+ Kc7 20.Nxe6+ Kb6
21.Rxd7  1-0

[Event "11th Puhajarve Rapid"]
[Site "Harjumaa EST"]
[Date "2010.11.27"]
[Round "9"]
[White "Nyback,T"]
[Black "Schuls,O"]
[Result "1-0"]
[WhiteElo "2650"]
[BlackElo "2224"]

1.d4 Nf6 2.c4 e6 3.g3 Bb4+ 4.Bd2 c5 5.Bxb4 cxb4 6.Bg2 d6 7.e4 Nc6 8.Ne2 O-O
9.O-O e5 10.a3 bxa3 11.Rxa3 b6 12.d5 Nb8 13.b4 a5 14.Nbc3 Ra6 15.bxa5 bxa5
16.Nc1 Nbd7 17.Nb3  1-0

[Event "XXIII Belgrade Trophy"]
[Site "Obrenovac SRB"]
[Date "2010.12.02"]
[Round "9.5"]
[White "Gleizerov,E"]
[Black "Drasko,M"]
[Result "1-0"]
[WhiteElo "2572"]
[BlackElo "2479"]

1.d4 e6 2.c4 Nf6 3.g3 Bb4+ 4.Bd2 c5 5.Bxb4 cxb4 6.Bg2 O-O 7.e4 d6 8.Ne2 Nc6
9.a3 Qb6 10.Qd2 Re8 11.axb4 Qxb4 12.Na3 a6 13.f4 Rb8 14.e5 dxe5 15.fxe5 Ng4
16.h3 Nh6 17.g4 Bd7 18.Nc3 Na5 19.Nc2 Qb6 20.c5 Qc7 21.Ne4 Nb3 22.Nf6+ Kh8
23.Nxe8 Bxe8 24.Qc3 Nxa1 25.Nxa1 Ng8 26.Nc2 Ne7 27.O-O Ng6 28.Ne3 Nh4 29.Be4 Bb5
30.Rf2 Rd8 31.b3 Kg8 32.Nc4 Bxc4 33.bxc4 Qe7 34.Qe3 Ng6 35.Rb2 Qd7 36.Bxb7 Qxd4
37.Qxd4 Rxd4 38.Bxa6 h5 39.c6 hxg4 40.c7 Ne7 41.Rb8+ Kh7 42.Rd8  1-0

[Event "TCh-CZE 2010-11"]
[Site "Czech Rep CZE"]
[Date "2010.12.05"]
[Round "4.6"]
[White "Cernousek,L"]
[Black "Kuchynka,Luk"]
[Result "1/2-1/2"]
[WhiteElo "2410"]
[BlackElo "2287"]

1.d4 Nf6 2.c4 e6 3.g3 Bb4+ 4.Bd2 Qe7 5.Nf3 Nc6 6.Nc3 O-O 7.Bg2 Na5 8.b3 b6
9.a3 Bxa3 10.e4 Bb7 11.Qc2 d5 12.O-O dxe4 13.Ng5 h6 14.Ngxe4 Nxe4 15.Nxe4 Bb4
16.d5 Bxd2 17.Nxd2 exd5 18.cxd5 Rfd8 19.b4 Qxb4 20.Rfb1 Qd4 21.Rxa5 bxa5
22.Rxb7 Rab8 23.Qxc7 Rxb7 24.Qxd8+ Kh7 25.d6 Rb2 26.Be4+ g6 27.Qf8 Rxd2 28.Qxf7+ Qg7
29.Bxg6+ Kh8 30.Qe8+ Qg8 31.Qe5+ Qg7 32.Qe8+ Qg8 33.Qe5+ Qg7 34.Qe1 Rd5 35.Qe8+ Qg8
36.d7 Rd1+ 37.Kg2 Rxd7 38.Qxd7 Qxg6 39.Qd8+ Kg7 40.Qxa5 Qe4+ 41.Kh3 Qe6+
42.g4 a6 43.Qc5 Qf6 44.Kg3 Qa1 45.Kg2 a5 46.h4 Qd1 47.Qe7+ Kg8 48.Qe6+ Kg7
49.g5 hxg5 50.hxg5 Qd8 51.Qh6+ Kg8 52.Qg6+ Kh8 53.Qh5+ Kg8 54.g6 Qd7 55.Qxa5 Qg4+
56.Kf1 Qxg6 57.Qa8+ Kf7 58.Qb7+ Kf8 59.Qb8+ Kf7 60.Qf4+ Ke7 61.Qe5+ Kf7 62.Ke2 Qc2+
63.Kf3 Qd3+ 64.Kg4 Qd1+ 65.Kg5 Qg1+ 66.Qg3 Qh1 67.Qf4+ Kg8 68.Qc4+ Kg7 69.Qd4+ Kf7
70.Qd7+ Kf8 71.Qd8+ Kf7 72.Qf6+ Ke8 73.Qg6+ Ke7 74.Qg7+ Ke8 75.Qe5+ Kf7 76.Qf5+ Ke7
77.Qf6+ Ke8 78.Qg6+ Ke7 79.Qg7+ Ke8 80.Kf4 Qc1+ 81.Kf3 Qd1+ 82.Kg2 Qd5+ 83.Kg3 Qd6+
84.Kg4 Qd1+ 85.Kf4 Qd2+ 86.Kf3 Qd1+ 87.Kg2  1/2-1/2

[Event "ch-RSSU"]
[Site "Moscow RUS"]
[Date "2010.12.05"]
[Round "5"]
[White "Krylov,M RUS"]
[Black "Isajevsky,A"]
[Result "1/2-1/2"]
[WhiteElo "2516"]
[BlackElo "2430"]

1.d4 Nf6 2.c4 e6 3.g3 Bb4+ 4.Bd2 Be7 5.Bg2 d5 6.Nf3 c6 7.O-O O-O 8.Bf4 Nbd7
9.Nc3 dxc4 10.e4 Re8 11.a4 b6 12.Qe2 Ba6 13.Nd2 Bb4 14.Rfd1 Qe7 15.e5 Nd5
16.Nde4 f5 17.exf6 N7xf6 18.Be5 Rad8 19.Rac1 Nd7 20.h4 h6 21.Na2 Nxe5 22.dxe5 Bc5
23.Qg4 b5 24.Nac3 Bb4 25.axb5 Bxb5 26.Re1 Qf7 27.f4 a5 28.Kh2 a4 29.Re2 a3
30.bxa3 Bxc3 31.Nxc3 Nxc3 32.Rxc3 Rd3 33.Re3 Rd2 34.Kh3 Rb8 35.Re2 h5 36.Qf3 Rbd8
37.Rxd2 Rxd2 38.Qe4 Qd7 39.Rc2 c3 40.Rxc3 Bd3 41.Rxd3 Rxd3 42.Qxc6 Qxc6 43.Bxc6 Kf7
44.a4 g6 45.Kg2 Ra3 46.Kf2 Ke7 47.Bb5 Kf7 48.Bc6  1/2-1/2

[Event "European Rapid Championship"]
[Site "Warsaw POL"]
[Date "2010.12.18"]
[Round "1"]
[White "Velioniskis,R"]
[Black "Macieja,B"]
[Result "0-1"]
[WhiteElo "1865"]
[BlackElo "2636"]

1.d4 Nf6 2.c4 e6 3.g3 Bb4+ 4.Bd2 Qe7 5.Bg2 Nc6 6.Nf3 Bxd2+ 7.Nbxd2 d6 8.O-O a5
9.a3 O-O 10.Qc2 Bd7 11.e4 e5 12.d5 Nb8 13.b4 Na6 14.Rab1 c6 15.Rfc1 Rfc8
16.Qb3 axb4 17.axb4 c5 18.b5 Nb4 19.Ra1 Qd8 20.Ne1 Ra5 21.Nc2 Nxc2 22.Qxc2 Rca8
23.Qc3 Ne8 24.Nb3 Ra3 25.Qb2 R3a4 26.Bf1 f5 27.f3 Qg5 28.Qc3 Nf6 29.Bg2 h5
30.Rxa4 Rxa4 31.Qd2 Qxd2 32.Nxd2 g5 33.Rc2 f4 34.gxf4 exf4 35.h3 Bc8 36.Kf2 Nd7
37.Bf1 Kg7 38.Nb3 Ne5 39.Nc1 Ra3 40.Bg2 Kf6 41.Ke2 Ra4 42.Kf2 Nxc4 43.Nd3 Ne5
44.Nxe5 Kxe5 45.Bf1 b6 46.Rb2 Bd7 47.Ke1 Rb4 48.Rxb4 cxb4 49.Bd3 g4  0-1

[Event "European Rapid Championship"]
[Site "Warsaw POL"]
[Date "2010.12.18"]
[Round "6"]
[White "Fridman,D"]
[Black "Jaracz,P"]
[Result "1-0"]
[WhiteElo "2645"]
[BlackElo "2543"]

1.d4 Nf6 2.c4 e6 3.g3 Bb4+ 4.Bd2 a5 5.Bg2 d6 6.Nf3 Nbd7 7.O-O e5 8.e3 O-O
9.Bc1 e4 10.Ng5 d5 11.cxd5 Qe7 12.a3 h6 13.Nxe4 Nxe4 14.axb4 a4 15.Nc3 f5
16.Rxa4 Rxa4 17.Qxa4 Ndf6 18.Qb3 Kh7 19.f3 Nd6 20.e4 fxe4 21.fxe4 Ng8  1-0

[Event "Rilton Cup 2010-11"]
[Site "Stockholm SWE"]
[Date "2010.12.27"]
[Round "1"]
[White "Ulibin,M"]
[Black "Kudzma,L"]
[Result "1-0"]
[WhiteElo "2552"]
[BlackElo "2232"]

1.d4 Nf6 2.c4 e6 3.g3 Bb4+ 4.Bd2 Qe7 5.Nf3 Nc6 6.Nc3 Bxc3 7.Bxc3 Ne4 8.Rc1 O-O
9.Bg2 d6 10.d5 Nxc3 11.Rxc3 Nb8 12.dxe6 fxe6 13.Nd4 c6 14.O-O e5 15.Nc2 Be6
16.Qd2 Nd7 17.e4 Nc5 18.Ne3 a5 19.f4 exf4 20.gxf4 Rae8 21.f5 Bc8 22.Rf4 Qg5
23.Rg4 Qh6 24.Qf2 Kh8 25.Nf1 Qf6 26.Rh3 Re7 27.Qd2 a4 28.Ng3 Qe5 29.Rh5 Rf6
30.Rgh4 h6 31.Rg5 Kg8 32.Rgg4 Kf8 33.Nh5 a3 34.bxa3 Qa1+ 35.Bf1 Rff7 36.Nf4 Ke8
37.Ng6 Rd7 38.Rf4 Qf6 39.Rh3 Kd8 40.Rhf3 Kc7 41.Rf2 Rd8 42.Bg2 Re8 43.Rf1 Nd7
44.Rg4 Ne5 45.Nxe5 Qxe5 46.Rg6 Rd8 47.Kh1  1-0

[Event "23rd Staufer-Open"]
[Site "Leinzell GER"]
[Date "2011.01.04"]
[Round "5"]
[White "Schloetzer,W"]
[Black "Ikonnikov,Vy"]
[Result "1/2-1/2"]
[WhiteElo "2287"]
[BlackElo "2580"]

1.d4 Nf6 2.c4 e6 3.g3 Bb4+ 4.Bd2 Qe7 5.Nf3 Bxd2+ 6.Nbxd2 d6 7.Bg2 e5 8.e4 O-O
9.O-O a5 10.a3 Bg4 11.h3 Bxf3 12.Nxf3 c5 13.dxe5 dxe5 14.b4 Nc6 15.bxc5 Nxe4
16.Nh4 Nxc5 17.Nf5 Qe6 18.Qd6 Nb3 19.Rab1 Qxd6 20.Nxd6 Nd2 21.Rxb7 Nxf1 22.Bxc6 Ra6
23.Rc7 Nd2 24.c5 e4 25.Bb7 Rxd6 26.cxd6 Rd8 27.Bd5 Nf3+ 28.Kf1 Ng5 29.h4 Ne6
30.Bxe6 fxe6 31.d7 Kf7 32.Ke2 Ke7 33.Ra7 Rxd7 34.Rxa5 Rd3 35.Ra7+ Kf6 36.a4 Ra3
37.Ra6 h5 38.Ra5 g6 39.Ra7 Kf5 40.Ra5+ e5 41.Ra8 Ra2+ 42.Ke3 Ra3+ 43.Ke2 Ra2+
44.Ke3 Ra3+  1/2-1/2

[Event "XX Keres Mem Rapid Prelim"]
[Site "Tallinn EST"]
[Date "2011.01.07"]
[Round "2"]
[White "Garber,V"]
[Black "Smirnov,Arte"]
[Result "0-1"]
[WhiteElo "2167"]
[BlackElo "2428"]

1.d4 Nf6 2.c4 e6 3.g3 Bb4+ 4.Bd2 Be7 5.Bg2 d5 6.Nc3 O-O 7.cxd5 exd5 8.Nf3 c6
9.O-O Nbd7 10.Re1 Re8 11.Qc2 Bd6 12.Nh4 Nf8 13.Rad1 Ne6 14.Bc1 Bf8 15.Nf3 g6
16.a3 Bg7 17.b4 a6 18.Bb2 Nc7 19.Qb3 Nb5 20.a4 Nd6 21.b5 Nc4 22.Ba1 axb5
23.axb5 Bf5 24.Rc1 Ra3 25.Qd1 Qa5 26.Ne5 Rxa1 27.Rxa1 Qxc3 28.Rc1 Qa5 29.Nxc4 dxc4
30.bxc6 bxc6 31.Rxc4 Be4 32.Rc5 Qb4 33.Re5 Bxg2 34.Rxe8+ Nxe8 35.Kxg2 Bxd4
36.Qb1 Bc3 37.Rd1 Qxb1 38.Rxb1 c5 39.e4 Nc7 40.f4 Ne6 41.Kf3 Kf8 42.Ke3 Bd4+
43.Kd3 h5 44.e5 h4 45.Ke4 h3 46.g4 g5 47.fxg5 Nxg5+ 48.Kf4 Ne6+ 49.Kf5 Kg7
50.Rb3 c4 51.Rxh3 c3 52.Rf3 c2 53.Rf1 Bb2 54.g5 Nd4+ 55.Ke4 Nb5 56.Kf5 Nc3
57.e6 fxe6+ 58.Kxe6 Nd1 59.Rf7+ Kg6 60.Rc7 Bc3  0-1

[Event "9th Parsvnath Open"]
[Site "New Delhi IND"]
[Date "2011.01.14"]
[Round "9"]
[White "Gupta,Ab"]
[Black "Laxman,R"]
[Result "1/2-1/2"]
[WhiteElo "2590"]
[BlackElo "2463"]

1.d4 Nf6 2.c4 e6 3.g3 Bb4+ 4.Bd2 a5 5.Bg2 d5 6.Nf3 Nc6 7.Qc2 dxc4 8.Qxc4 Qd5
9.Qd3 Qe4 10.Qxe4 Nxe4 11.a3 Nxd2 12.Nbxd2 Bd6 13.Nc4 Ke7 14.Rc1 Bd7 15.O-O f6
16.Rfd1 Be8 17.Rd2 Nd8 18.Nxd6 Kxd6 19.d5 e5 20.Rdc2 c6 21.Rd1 Ke7 22.Nh4 g6
23.d6+ Kd7 24.e3 Bf7 25.Rc3 a4 26.f4 Ra5 27.Rd2 Be6 28.Nf3 Nf7 29.Ne1 Rd8
30.Nd3 Nxd6  1/2-1/2

[Event "TCh-CZE 2010-11"]
[Site "Czech Rep CZE"]
[Date "2011.01.23"]
[Round "7.3"]
[White "Petrik,T"]
[Black "Bartel,Mat"]
[Result "1-0"]
[WhiteElo "2536"]
[BlackElo "2617"]

1.d4 Nf6 2.c4 e6 3.g3 Bb4+ 4.Nd2 O-O 5.Bg2 d5 6.Nf3 dxc4 7.Qc2 Nc6 8.Qxc4 Qd5
9.O-O Rd8 10.e3 a5 11.Qc2 Qf5 12.e4 Qh5 13.e5 Nd5 14.Ne4 Be7 15.Be3 Ncb4
16.Qb1 Bd7 17.a3 Nxe3 18.fxe3 Nd5 19.Qd3 Bc6 20.Rfe1 Qg6 21.Nf2 Qxd3 22.Nxd3 Bb5
23.Bf1 a4 24.Rac1 c6 25.Nf4 Ra5 26.Kf2 Bxf1 27.Rxf1 Rb5 28.Nd3 f5 29.exf6 Nxf6
30.Ke2 Nd7 31.Rc4 Rb3 32.Nd2 Rxd3 33.Kxd3 Ne5+ 34.Ke4 Nxc4 35.Nxc4 Rd5 36.Nb6 Ra5
37.Rf2 h5 38.Rc2 Kf7 39.Rc4 Rf5 40.Rc2 Ra5 41.Nc4 Rb5 42.Ne5+ Ke8 43.Nd3 Bd6
44.Rc4 Ra5 45.Nc5 Bxc5 46.dxc5 Kd7 47.Kf4 Rb5 48.Rc2 b6 49.Kg5 bxc5 50.Kxh5 Kd6
51.Kg6 Rb7 52.h4 Kd5 53.g4 e5 54.h5 c4 55.g5 c5 56.Kh7 Ke4 57.Rxc4+ Kxe3
58.Rxa4 e4 59.Rc4 Re7 60.g6 Kd3 61.Rc3+ Kd2 62.Rxc5 e3 63.Rd5+ Kc2 64.Rg5 Kxb2
65.Rg1 Kxa3 66.Re1 Kb4 67.Rxe3 Rxe3 68.Kxg7 Kc5 69.h6  1-0

[Event "3rd Chennai Open"]
[Site "Chennai IND"]
[Date "2011.01.26"]
[Round "11"]
[White "Shyam,SM"]
[Black "Danielsen,Hen"]
[Result "0-1"]
[WhiteElo "2443"]
[BlackElo "2519"]

1.d4 Nf6 2.c4 e6 3.g3 Bb4+ 4.Bd2 Qe7 5.Bg2 Nc6 6.Nf3 Bxd2+ 7.Nbxd2 d6 8.O-O O-O
9.e4 e5 10.d5 Nb8 11.Ne1 a5 12.Nd3 Na6 13.f4 c6 14.Qb3 Nd7 15.Rae1 Ndc5 16.Nxc5 Nxc5
17.Qa3 Bd7 18.fxe5 dxe5 19.Nb3 b6 20.Rd1 cxd5 21.Nxc5 bxc5 22.cxd5 Qd6 23.Rc1 Rfc8
24.Rf2 Rc7 25.Rfc2 Qb6 26.Kh1 Rac8 27.Qc3 f6 28.Qe3 Qb4 29.Bf1 Qb6 30.h3 h6
31.g4 Kf8 32.Rd2 Qd6 33.Qc3 a4 34.Bc4 Ra8 35.Qg3 Rb7 36.Qa3 Ke7 37.Bd3 Rab8
38.Kg1 Rb4 39.Rdc2 c4 40.Rxc4 Rxb2 41.Rc5 Rd2 42.Qc3 Rxa2 43.Rc7 Rb3 44.Qc4 Rbb2
45.Bc2 Qb6+ 46.Kh1 Kd6 47.Rc6+ Bxc6 48.dxc6 Qxc6 49.Rd1+ Kc7 50.Qf7+ Kb6
51.Qf8 Rxc2 52.Qb8+ Ka6  0-1

[Event "Belgrade Individual 2011"]
[Site "Belgrade SRB"]
[Date "2011.01.28"]
[Round "7.3"]
[White "Tosic,M"]
[Black "Lajthajm,B"]
[Result "0-1"]
[WhiteElo "2395"]
[BlackElo "2477"]

1.d4 Nf6 2.c4 e6 3.g3 Bb4+ 4.Bd2 Bxd2+ 5.Qxd2 d6 6.Nf3 O-O 7.Nc3 Nbd7 8.Bg2 c6
9.O-O Re8 10.Rfd1 Qc7 11.Rac1 b6 12.b4 Bb7 13.Na4 a6 14.e4 c5 15.bxc5 bxc5
16.d5 e5 17.Nh4 Reb8 18.f4 Bc8 19.Nb2 Qd8 20.Nd3 exf4 21.Qxf4 Ne8  0-1

[Event "TCh-HUN 2010-11"]
[Site "Budapest HUN"]
[Date "2011.01.30"]
[Round "5"]
[White "Liptay,L"]
[Black "Horvath,Gy1"]
[Result "1/2-1/2"]
[WhiteElo "2346"]
[BlackElo "2356"]

1.d4 e6 2.c4 Nf6 3.g3 Bb4+ 4.Bd2 Be7 5.Bg2 d5 6.Nf3 O-O 7.O-O Nbd7 8.Qc2 c6
9.b3 b6 10.Bc3 Ba6 11.Nbd2 Rc8 12.e4 c5 13.exd5 exd5 14.Rfd1 Re8 15.Qb2 Bb7
16.Ne1 Bf8 17.Nd3 cxd4 18.Bxd4 Qc7 19.Rac1 Qb8 20.Nf4 dxc4 21.Bxb7 Qxb7 22.Rxc4 b5
23.Rxc8 Rxc8 24.Rc1 a6 25.Rxc8 Qxc8 26.Qc3 Qxc3 27.Bxc3 Bd6 28.Nd3 Kf8 29.Kf1 g6
30.Ke2 Ke7 31.h4  1/2-1/2

[Event "16th HIT Open"]
[Site "Nova Gorica SLO"]
[Date "2011.02.01"]
[Round "7"]
[White "Ivsek,Cveto"]
[Black "Cokan,M"]
[Result "0-1"]
[WhiteElo "1812"]
[BlackElo "1842"]

1.d4 Nf6 2.c4 e6 3.g3 Bb4+ 4.Bd2 Qe7 5.Bg2 Bxd2+ 6.Qxd2 d5 7.Nc3 c6 8.Nf3 Nbd7
9.O-O O-O 10.Qc2 Qb4 11.Nd2 Re8 12.a3 Qd6 13.c5 Qc7 14.e4 Nf8 15.e5 N6d7
16.f4 b6 17.b4 bxc5 18.bxc5 Rb8 19.g4 f5 20.gxf5 exf5 21.Bh3 g6 22.Kh1 Ne6
23.Qd3 Ng7 24.Rg1 Nf8 25.Qe2 Nfe6 26.Qe3 Qe7 27.Ne2 Kh8 28.Nf3 Ba6 29.Ng3 Bc4
30.Rab1 Rb7 31.Nd2 Ba6 32.Rxb7 Bxb7 33.Rb1 Qc7 34.Nf3 Ba6 35.Ng5 Nxg5 36.fxg5 Ne6
37.Bxf5 gxf5 38.Nxf5 Rf8 39.Nd6 Qg7 40.h4 Qg6 41.Rg1 Rf4 42.Rg2 Qb1+ 43.Kh2 Rxh4+
44.Kg3 Rxd4 45.Qf2 Rf4 46.Qe3 Qg6 47.Kh2 Qh5+ 48.Kg3 Qh4+  0-1

[Event "33rd Bulgarian Open"]
[Site "Plovdiv BUL"]
[Date "2011.02.02"]
[Round "5.8"]
[White "Jianu,V"]
[Black "Lilov,V2"]
[Result "1-0"]
[WhiteElo "2539"]
[BlackElo "2402"]

1.d4 Nf6 2.c4 e6 3.g3 Bb4+ 4.Bd2 Bxd2+ 5.Qxd2 d5 6.Bg2 O-O 7.Nf3 dxc4 8.O-O Qe7
9.Na3 Rd8 10.Qc2 c5 11.dxc5 Qxc5 12.Rfd1 Rd5 13.Nd4 Rd7 14.Qxc4 Na6 15.Ndb5 Qb6
16.Rac1 Rxd1+ 17.Rxd1 Bd7 18.Rd6 Bxb5 19.Nxb5 Qc5 20.Rd4 Qb6 21.b4 Nd5 22.Bxd5 exd5
23.Rxd5 Qc6 24.Rd4 g6 25.Nd6 Qxc4 26.Rxc4 Rd8 27.Nxb7 Rb8 28.Nd6 Nxb4 29.a3 Nd5
30.Rc5 Rb1+ 31.Kg2 Rd1 32.Nc8 Kf8 33.Nxa7 Ke7 34.Nb5 Ke6 35.Rxd5  1-0